JoJo's Bizarre Adventure Openings - Statistics

General Stats
  • This quiz has been taken 771 times
  • The average score is 7 of 9
Answer Stats
Nazwa % Correct
Part 2 Bloody Stream
92%
Part 4 (op2) Chase
87%
Part 1 Sono Chi no Sadame
87%
Part 5 (op1) Fighting Gold
83%
Part 3 (op1) Stand Proud
83%
Part 4 (op1) Crazy Noisy Bizarre Town
80%
Part 4 (op3) Great Days
80%
Part 3 (op2) End of The World
67%
Part 5 (op2) Traitor's Requiem
65%
No matching quizzes found
Score Distribution
Percent of People with Each Score
Percentile by Number Answered
Your Score History
You have not taken this quiz